000
00251nam a22000977a 4500
008
221031b |||||||| |||| 00| 0 eng d
020
_a
9789326190725
100
_a
PANDEY MANOHAR
_9
7602
245
_a
GENERAL KNOWLEDGE-2023
260
_a
INDIA
_b
ARIHANT
_c
2022
999
_c
12110
_d
12110